000
00271nam a2200109Ia 4500
008
220204s9999 xx 000 0 und d
082
_a
802:801
_b
KIT
100
_a
Kitzhaber, A R
245
0
_a
Substance and process
260
_a
New York
_b
Holt Rinehart
_c
1974
942
_c
BK
999
_c
24954
_d
24954